<?xml version="1.0" encoding="UTF-8"?>
<collection xmlns="http://www.loc.gov/MARC21/slim">
 <record>
  <leader>03660nam a2200349 a 4500</leader>
  <controlfield tag="001">kal1954</controlfield>
  <controlfield tag="003">Gr-AtHEAL</controlfield>
  <controlfield tag="005">20160421083714.0</controlfield>
  <controlfield tag="006">m        d        </controlfield>
  <controlfield tag="008">160413s2015    gr      s           gre|c</controlfield>
  <datafield tag="020" ind1=" " ind2=" ">
   <subfield code="a">9789606031502</subfield>
  </datafield>
  <datafield tag="040" ind1=" " ind2=" ">
   <subfield code="a">GR-AtHEAL</subfield>
   <subfield code="b">gre</subfield>
   <subfield code="c">GR-AtHEAL</subfield>
  </datafield>
  <datafield tag="082" ind1="0" ind2="4">
   <subfield code="a">339</subfield>
   <subfield code="2">23</subfield>
  </datafield>
  <datafield tag="100" ind1="1" ind2=" ">
   <subfield code="a">Λιανός, Θεόδωρος Π.,</subfield>
   <subfield code="d">1939-</subfield>
   <subfield code="8">46</subfield>
  </datafield>
  <datafield tag="245" ind1="1" ind2="0">
   <subfield code="a">Οικονομική ανάλυση και πολιτική - Μακροοικονομική</subfield>
   <subfield code="h">[Ηλεκτρονικός πόρος] </subfield>
   <subfield code="b">Βασικές αρχές και προεκτάσεις</subfield>
   <subfield code="c">Λιανός, Θεόδωρος ;  Ψειρίδου, Αναστασία ;  Κριτικός αναγνώστης, Φούντας, Στυλιανός ;  Τεχνική επιμέλεια,Τσαρπάλης, Κωνσταντίνος.</subfield>
  </datafield>
  <datafield tag="260" ind1=" " ind2=" ">
   <subfield code="a">Αθήνα :</subfield>
   <subfield code="b">Σύνδεσμος Ελληνικών Ακαδημαϊκών Βιβλιοθηκών,</subfield>
   <subfield code="c">c2015.</subfield>
  </datafield>
  <datafield tag="490" ind1=" " ind2=" ">
   <subfield code="a">Ακαδημαϊκά Ηλεκτρονικά Συγγράμματα και Βοηθήματα Κάλλιπος</subfield>
   <subfield code="8">40</subfield>
  </datafield>
  <datafield tag="520" ind1=" " ind2=" ">
   <subfield code="a">Το σύγγραμμα αναλύει τη λειτουργία του οικονομικού συστήματος σύμφωνα με το κεϋνσιανό και με το κλασικό οικονομικό υπόδειγμα. Καλύπτει τις αγορές προϊόντος και χρήματος, τον σχηματισμό του γενι-κού επιπέδου των τιμών, τη δημοσιονομική και νομισματική πολιτική, την ανάλυση του δημοσίου χρέους, τον εξωτερικό τομέα και την αγορά συναλλάγματος, καθώς και προεκτάσεις της θεωρίας των επενδύσεων και της κατανάλωσης. Κάθε κεφάλαιο περιλαμβάνει ασκήσεις με τις απαντήσεις τους για την εμπέδωση της ύλης. Η παρουσίαση βασίζεται σε απλά γεωμετρικά σχήματα και σε απλά μακροοικονομικά υποδείγματα. Το επίπεδο ανάλυσης αντιστοιχεί σε αυτό των δευτεροετών ή τριτοετών φοιτητών των ελληνικών πανεπιστημίων, αλλά με κατάλληλη επιλογή κεφαλαίων μπορεί να χρησιμοποιηθεί και για το εισαγωγικό μάθημα της μακροοικονομικής.</subfield>
  </datafield>
  <datafield tag="650" ind1=" " ind2="0">
   <subfield code="a">Economic policy</subfield>
   <subfield code="8">1914</subfield>
  </datafield>
  <datafield tag="650" ind1=" " ind2="0">
   <subfield code="a">Macroeconomics</subfield>
   <subfield code="8">1919</subfield>
  </datafield>
  <datafield tag="653" ind1=" " ind2=" ">
   <subfield code="a">Μακροοικονομική</subfield>
  </datafield>
  <datafield tag="653" ind1=" " ind2=" ">
   <subfield code="a">Οικονομικές Επιστήμες</subfield>
   <subfield code="a">Δημοσιονομικά</subfield>
  </datafield>
  <datafield tag="653" ind1=" " ind2=" ">
   <subfield code="a">Οικονομικές Επιστήμες</subfield>
   <subfield code="a">Μακροοικονομική και Νομισματική Οικονομική</subfield>
  </datafield>
  <datafield tag="653" ind1=" " ind2=" ">
   <subfield code="a">Δημοσιονομικά</subfield>
  </datafield>
  <datafield tag="653" ind1=" " ind2=" ">
   <subfield code="a">Μακροοικονομική και Νομισματική Οικονομική</subfield>
  </datafield>
  <datafield tag="700" ind1="1" ind2=" ">
   <subfield code="a">Ψειρίδου, Αναστασία</subfield>
   <subfield code="e">Συγγραφέας</subfield>
   <subfield code="8">47</subfield>
  </datafield>
  <datafield tag="700" ind1="1" ind2=" ">
   <subfield code="a">Φούντας, Στυλιανός</subfield>
   <subfield code="e">Κριτικός αναγνώστης</subfield>
   <subfield code="8">48</subfield>
  </datafield>
  <datafield tag="856" ind1="4" ind2="0">
   <subfield code="u">http://hdl.handle.net/11419/1954</subfield>
   <subfield code="z">Πλήρες Κείμενο - Full text</subfield>
  </datafield>
  <datafield tag="907" ind1=" " ind2=" ">
   <subfield code="a">.b25680924</subfield>
   <subfield code="b">12-06-18</subfield>
   <subfield code="c">29-07-16</subfield>
  </datafield>
  <datafield tag="949" ind1=" " ind2=" ">
   <subfield code="0">0</subfield>
   <subfield code="1">0</subfield>
   <subfield code="2">ddc</subfield>
   <subfield code="4">0</subfield>
   <subfield code="6">339_000000000000000_ΛΙΑ</subfield>
   <subfield code="7">0</subfield>
   <subfield code="8">KALL</subfield>
   <subfield code="8">851</subfield>
   <subfield code="d">2016-04-13</subfield>
   <subfield code="r">2016-04-13</subfield>
   <subfield code="w">2016-04-13</subfield>
   <subfield code="z">339 ΛΙΑ</subfield>
   <subfield code="o">SEAB KALLIPOS</subfield>
  </datafield>
  <datafield tag="998" ind1=" " ind2=" ">
   <subfield code="a">80</subfield>
   <subfield code="a">01</subfield>
   <subfield code="a">02</subfield>
   <subfield code="a">03</subfield>
   <subfield code="a">04</subfield>
   <subfield code="a">05</subfield>
   <subfield code="a">06</subfield>
   <subfield code="a">07</subfield>
   <subfield code="a">08</subfield>
   <subfield code="a">09</subfield>
   <subfield code="a">10</subfield>
   <subfield code="a">11</subfield>
   <subfield code="a">12</subfield>
   <subfield code="a">13</subfield>
   <subfield code="a">14</subfield>
   <subfield code="a">15</subfield>
   <subfield code="a">16</subfield>
   <subfield code="a">17</subfield>
   <subfield code="a">18</subfield>
   <subfield code="a">19</subfield>
   <subfield code="a">20</subfield>
   <subfield code="a">21</subfield>
   <subfield code="a">22</subfield>
   <subfield code="a">23</subfield>
   <subfield code="a">24</subfield>
   <subfield code="a">25</subfield>
   <subfield code="a">26</subfield>
   <subfield code="b">22-05-17</subfield>
   <subfield code="c">m</subfield>
   <subfield code="d">z  </subfield>
   <subfield code="e">-</subfield>
   <subfield code="f">gre</subfield>
   <subfield code="g">gr </subfield>
   <subfield code="h">0</subfield>
  </datafield>
  <datafield tag="942" ind1=" " ind2=" ">
   <subfield code="2">ddc</subfield>
   <subfield code="c">KALLIPOS</subfield>
  </datafield>
 </record>
</collection>
